000 00482nam a2200145 4500
999 _c6744
_d6744
008 170426b xxu||||| |||| 00| 0 eng d
022 _a0119-9000
082 _aDPer 641.505 C77 Jan-June 2013 v.13-14
245 _aChef Eugene puts customers nutritional wants and needs ahead.
260 _aPhilippines:
_bUBM Medica,
_c©Jan-June 2013.
300 _av13 n11, pages 56-59:
_billustrations;
_c29 cm.
500 _aCook.
650 0 _920409
_aCooking
_xChef
942 _2ddc
_cPER